Syntactic and Focus (Record no. 622995)

MARC details
000 -LEADER
fixed length control field 00487nam a22001817a 4500
008 - FIXED-LENGTH DATA ELEMENTS--GENERAL INFORMATION
fixed length control field 260509b |||||||| |||| 00| 0 eng d
020 ## - INTERNATIONAL STANDARD BOOK NUMBER
ISBN 9783631514443
Paper back/Hardbound pbk
041 ## - LANGUAGE CODE
Language code of text/sound track or separate title eng
082 ## - DEWEY DECIMAL CLASSIFICATION NUMBER
Classification number 415 GOB
100 ## - MAIN ENTRY--AUTHOR NAME
Personal name Gobbel, Edward
245 ## - TITLE STATEMENT
Title Syntactic and Focus
Sub Title Structural Aspects of Triadic Constructions
Statement of responsibility, etc Edward Gobbel
260 ## - PUBLICATION, DISTRIBUTION, ETC. (IMPRINT)
Place of publication Berlin
Name of publisher Peter Lang
Year of publication 2003
300 ## - PHYSICAL DESCRIPTION
Number of Pages 424p. :
Dimensions 25cm
504 ## - BIBLIOGRAPHY, ETC. NOTE
Bibliography, etc Includes bibliographical references
650 ## - SUBJECT ADDED ENTRY--TOPICAL TERM
Topical Term Grammar
942 ## - ADDED ENTRY ELEMENTS (KOHA)
Koha item type English Books
Holdings
Withdrawn status Lost status Damaged status Not for loan Home library Current library Shelving location Date acquired Full call number Accession Number Price effective from Koha item type
        Anna Centenary Library Anna Centenary Library 4TH FLOOR, B WING 21.09.2010 415 GOB 216227 09.05.2026 English Books

Find us on the map